Manual de Derecho mercantil (Registro nro. 52063)
[ vista simple ]
| 000 -CABECERA | |
|---|---|
| Longitud fija campo de control | 01261nam a2200313 c 4500 |
| 001 - NÚMERO DE CONTROL | |
| Número de control | 52063 |
| 003 - IDENTIFICADOR DE NÚMERO DE CONTROL | |
| Identificador del número de control | ES-MaCES |
| 005 - FECHA Y HORA DE LA ÚLTIMA TRANSACCIÓN | |
| Fecha y hora de la última transacción | 20221118124938.0 |
| 008 - CAMPO FIJO DE DESCRIPCIÓN FIJA--INFORMACIÓN GENERAL | |
| Códigos de información de longitud fija | 211222s2021 ssp f 000|0|spad| |
| 020 ## - ISBN (INTERNATIONAL STANDARD BOOK NUMBER) | |
| Número Internacional Normalizado para Libros (ISBN) | 9788430938308 (o.c.) |
| 040 ## - FUENTE DE CATALOGACIÓN | |
| Centro catalogador de origen | ES-MaCES |
| Lengua de catalogación | spa |
| Centro transcriptor | ES-MaCES |
| 100 1# - ENCABEZAMIENTO PRINCIPAL--NOMBRE PERSONAL | |
| 9 (RLIN) | 39778 |
| Nombre de persona | Broseta Pont, Manuel |
| 245 10 - MENCIÓN DE TÍTULO | |
| Título | Manual de Derecho mercantil |
| Mención de responsabilidad, etc. | Manuel Broseta Pont |
| 250 ## - MENCIÓN DE EDICIÓN | |
| Mención de edición | 28ª ed. a cargo de Fernando Martínez Sanz |
| 260 ## - PUBLICACIÓN, DISTRIBUCIÓN, ETC (PIE DE IMPRENTA) | |
| Lugar de publicación, distribución, etc. | Madrid |
| Nombre del editor, distribuidor, etc. | Tecnos |
| Fecha de publicación, distribución, etc. | 2021 |
| 300 ## - DESCRIPCIÓN FÍSICA | |
| Extensión | 2 v. |
| Dimensiones | 24 p. |
| 500 0# - NOTA GENERAL | |
| Nota general | V. I: Introducción y estatuto del empresario, Derecho de la competencia y de la propiedad industrial, Derecho de sociedades. - DL M 22238-2021. - ISBN 9788430982530 (V. I). - 714 p. -- V. 2: Contratos mercantiles, Derecho de los títulos-valores, Derecho concursal. - DL M 22239-2021. - ISBN 9788430982547 (V. II). - 779 p. |
| 541 ## - NOTA DE LA FUENTE INMEDIANTE DE ADQUISICIÓN | |
| Forma de adquisición | Compra |
| 650 #4 - ASIENTO SECUNDARIO DE MATERIA--TÉRMINO DE MATERIA | |
| Término de materia o nombre geográfico como elemento inicial | derecho mercantil |
| 9 (RLIN) | 27157 |
| 650 #4 - ASIENTO SECUNDARIO DE MATERIA--TÉRMINO DE MATERIA | |
| Término de materia o nombre geográfico como elemento inicial | ley de sociedades |
| 9 (RLIN) | 29867 |
| 650 #4 - ASIENTO SECUNDARIO DE MATERIA--TÉRMINO DE MATERIA | |
| Término de materia o nombre geográfico como elemento inicial | derecho concursal |
| 9 (RLIN) | 31756 |
| 650 #4 - ASIENTO SECUNDARIO DE MATERIA--TÉRMINO DE MATERIA | |
| Término de materia o nombre geográfico como elemento inicial | España |
| 9 (RLIN) | 26964 |
| 650 #4 - ASIENTO SECUNDARIO DE MATERIA--TÉRMINO DE MATERIA | |
| Término de materia o nombre geográfico como elemento inicial | manual |
| 9 (RLIN) | 29264 |
| 653 10 - TÉRMINO DE INDEXACIÓN--NO CONTROLADO | |
| Término no controlado | Derecho mercantil |
| 700 1# - ENCABEZAMIENTO SECUNDARIO--NOMBRE PERSONAL | |
| 9 (RLIN) | 39779 |
| Nombre de persona | Martínez Sanz, Fernando |
| Término indicativo de función | ed. lit. |
| 775 0# - ENTRADA DE OTRA EDICIÓN | |
| Título | Manual de Derecho mercantil |
| Número de control del registro relacionado | (ES-MaCES)52063 |
| 902 ## - CES. TIPO DE DOCUMENTO | |
| Tipodoc (006$c Sirtex) | LIB Libro |
| 942 ## - ELEMENTOS KOHA | |
| Fuente de clasificaión o esquema | Clasificación propia del CES |
| Koha [por defecto] tipo de item | Monografías |
| Parte de clasificación | Derecho Mercantil |
| Número de registro | Signatura completa | Tipo de item de Koha | Note pública |
|---|---|---|---|
| 092488 | DPT-13922 | Monografías | |
| 092489 | DPT-13923 | Monografías |
